000 00363nam a2200133Ia 4500
008 240624s9999 xx 000 0 und d
041 _aeng
082 _a338.762920973 MAG
100 _aMAGEE DAVID
245 _aFORD TOUGH BILL FORD AND THE BATTLE TO R
260 _c2005
_aNew Jersey
_bJohn Wiley and Sons
300 _axvi, : 256 : p. : cm. ; 24
365 _c
_b28
999 _c7370
_d7370